| 000 | 00817nam a22002057a 4500 | ||
|---|---|---|---|
| 999 |
_c7753 _d7753 |
||
| 003 | AR-CdUCM | ||
| 008 | 190321b ||||| |||| 00| 0 spa d | ||
| 040 |
_aMUNICIPALIDAD PROVINCIAL DEL CUSCO _cBIBLIOTECA MUNICIPAL DEL CUSCO |
||
| 082 |
_23ed. _a373.22 / _bN29 |
||
| 100 |
_aNavarro, María Luisa _99940 |
||
| 245 | _aEl método del trabajo por equipos / | ||
| 260 |
_aBuenos Aires : _bLosada, _c1947. |
||
| 300 |
_a215 páginas ; _c19 cm. |
||
| 505 | _aContenido: Formación de los grupos -- Evolución de los grupos de alumnos -- Funcionamiento de los grupos -- El trabajo según las materias -- El trabajo por equipos y los niños dificiles y excepcionales ... | ||
| 650 |
_aEquipos _921905 |
||
| 650 |
_amétodos de enseñanza _94066 |
||
| 650 |
_aEscuela activa _96576 |
||
| 942 |
_2ddc _cLIBROS |
||
| 945 | _aafb | ||